00926nab a2200241 uc450000100070000000500170000700800410002403500110006503500210007604000130009704100080011010000400011824500740015865000400023265000350027265000400030765000210034770000370036870000400040577302100044594200100065599900190066548843520240504090136.0990721nuuuuuuuu spa  a488435 a(OCoLC)819792831 ccomduadb aspa10aDelgado, Anolaima4auteaut929770010aReconocimiento de insectos plagas y enfermedades en el estado cojedes aIdentificación de animales956152 7aPlagas agrícolas2lemb92590 aEnfermedades de las plantas9172026 aVenezuela94149710aRojas, Thamara4auteaut951130110aCarvajal, Rafaela4auteaut92977010 tMemoria de la Fundación La Salle de Ciencias Naturales (Caracas)gVol. 57, No. 147, Ene.-Jun. 1997/Memoria de la Sociedad de Ciencias Naturales de la Salle (Caracas), p. 101-118w188638x0037-8518084479 cARIMP c124208d124208